000 01349nam a2200205Ia 4500
999 _c39528
_d39528
001 6124
003 GE_BSU
005 20190925173142.0
008 181216s1956||||ge |||||||||||||| ||geo||
040 _cGE_BSU
041 _ageo
080 _a821.353.1-82 ა-95
245 _aაჭარის ლიტერატურული ახალგაზრდობა :
_bსაქ. საბჭოთა მწერლების კავშირის აჭარის განყოფილებასთან გაერთიანებული ახალგაზრდა მწერლების ალმანახი /
_cრედ. ც. წუწუნავა.
264 _aბათუმი :
_bსახელმწიფო გამომცემლობა ;
_c1956.
300 _a97 გვ. ;
_c20 სმ.
653 _aაჭარის ლიტერატურული ახალგაზრდობა
653 _aსაქ. საბჭოთა მწერლების კავშირის აჭარის განყოფილებასთან გაერთიანებული ახალგაზრდა მწერლების ალმანახი
700 _aწუწუნავა, ც.
_eრედაქტორი
_94326
942 _cBK
_2udc